|
|
|
|
| LEADER |
00000nam a2200000 a 4500 |
| 001 |
vtls001356699 |
| 003 |
SK-MaSNL |
| 005 |
20260301200945.0 |
| 008 |
240314s1998 xo p r y slo |
| 015 |
|
|
|a SNBA1999/05-01750
|
| 020 |
|
|
|a 8088939046
|
| 035 |
|
|
|a SNK000310187
|
| 035 |
|
|
|a urn:nbn:sk:snk-amkj03
|
| 035 |
|
|
|a urn:nbn:sk:snk-am008hmn
|
| 035 |
|
|
|a B7D79D5C-6533-4C8D-BB04-4984D87DBE19
|
| 040 |
|
|
|a SNK
|b slo
|c SNK
|e AACR2
|
| 041 |
0 |
|
|a slo
|
| 044 |
|
|
|a xo
|c SK
|
| 080 |
|
|
|a 657(075.3)(076.5)
|2 1981
|
| 100 |
1 |
|
|a Spitzová, Amália
|4 aut
|9 210263
|
| 245 |
1 |
0 |
|a Pomocník účtovníka
|b zbierka riešených príkladov z účtovníctva
|c Amália Spitzová, Eva Vachová
|
| 250 |
|
|
|a 3. upr. a rozš. vyd.
|
| 260 |
|
|
|a Bratislava
|b Petrus
|c 1998
|
| 300 |
|
|
|a 247 s
|b tab..
|c 21 cm
|e 1 príl.
|
| 650 |
0 |
7 |
|a účtovníctvo
|x príklady
|x riešenia
|x učebnice obchod. akadémií
|x učebnice stred. odb. škôl
|2 SNK
|9 580842
|
| 655 |
|
7 |
|a príručky
|2 SNK
|9 74364
|
| 700 |
1 |
|
|a Vachová, Eva,
|d 1960-
|4 aut
|9 47506
|
| 919 |
|
|
|a 80-88939-04-6
|
| 958 |
|
|
|a TL
|
| 999 |
|
|
|c 892813
|d 894743
|
| 952 |
|
|
|a SNK
|b SNK
|y PREZ
|7 0
|p 17A0183457
|o snkSC 98008
|i snkKSP 2306/99
|0 0
|1 0
|4 0
|d 1999-03-08
|f 1
|l 0
|r 2025-09-18 00:00:00
|w 2026-02-24
|
| 952 |
|
|
|t P60, <04>, [BOOK], {604}
|a SNK
|b SNK
|y VYP
|7 0
|p 17A0183458
|o snkSC 98008 D1
|i snkKSP 2307/99
|0 0
|1 0
|4 0
|d 1999-03-08
|l 0
|r 2005-01-02 00:00:00
|w 2026-02-24
|
| 952 |
|
|
|a SNK
|b SNK
|y PREZ
|7 0
|p 17A1021923
|o snkSC 98008 príl.
|i snkKSP 2306/99
|3 Príloha: účtovná osnova (brožúra)
|z Príloha: účtovná osnova (brožúra)
|0 0
|1 0
|4 0
|d 1999-03-08
|l 0
|r 2025-09-18 00:00:00
|w 2026-02-24
|